| 000 | 00981nmm a2200289 a 4500 | ||
|---|---|---|---|
| 001 | ocm000955243 | ||
| 003 | TR-IsHL | ||
| 005 | 20201028150241.0 | ||
| 008 | 150110s2003 tu tur | ||
| 007 | cr cn | ||
| 020 | _a9789757837817 | ||
| 035 |
_a955243 _b(N$T) |
||
| 050 | 0 | 4 |
_aPT2661.P5 _bN319 2003 |
| 090 | 0 | 4 |
_aPT2661.P5 _bN319 2003 |
| 100 | 1 | _aApitz, Bruno | |
| 245 | 1 | 0 |
_aKurtlar arasında çıplak _h[electronic resource] / _cBruno Apitz ; İngilizceden çev. Alaattin Bilgi |
| 260 |
_aİstanbul : _bEvrensel Basım Yayın, _c2003 |
||
| 300 | _a383 p. | ||
| 500 |
_aTranslation of : Nackt unter Wölfen = Naked among wolves _x |
||
| 650 | 4 | _aDil ve Edebiyat | |
| 650 | 4 | _aLanguage and Literature | |
| 650 | 0 | _aAlman romanı | |
| 650 | 0 | _aGerman fiction | |
| 650 | 7 |
_aLITERARY COLLECTIONS / European / German _2bisacsh |
|
| 700 | 1 | _aBilgi, Alaattin | |
| 856 | 4 | 0 | _uhttp://search.ebscohost.com/login.aspx?direct=true&scope=site&db=e011xww&AN=955243 |
| 999 |
_c10372 _d10372 |
||